| 000 | 00751nam a22002417a 4500 | ||
|---|---|---|---|
| 001 | 74602 | ||
| 003 | BD-RjUL | ||
| 005 | 20211209082558.0 | ||
| 008 | 181031r20112010ii p|||| |||| 00| 0 eng d | ||
| 035 | _a(BD-RjUL)74820 | ||
| 040 |
_aBD-RjUL _beng _cBD-RjUL |
||
| 041 | _aeng | ||
| 082 |
_222 _a616.0019 _bALH 2011 |
||
| 100 |
_a Allen, Felicity _9224579 |
||
| 245 |
_aHealth psychology and behaviour / _cFelicity Allen. |
||
| 250 | _aTata McGraw-Hill edition | ||
| 260 |
_bTata McGraw-Hill Education Private ltd. , _cc 2010, 2011 |
||
| 300 |
_axxiv, 550 p.: _bill. ; _c26 cm. |
||
| 504 | _aIncludes bibliographical reference and index. | ||
| 650 |
_aClinical health psychology. _9224580 |
||
| 650 |
_aHealth behavior. _9224581 |
||
| 942 |
_2ddc _cBK |
||
| 999 |
_c74602 _d74602 |
||